[Event "GER-chT U20 Girls"]
[Site "Ditzingen"]
[Date "2003.12.29"]
[Round "5.3"]
[White "Spangenberg, Romy"]
[Black "Warnick, Anita"]
[Result "1/2-1/2"]
[WhiteElo "886"]
[BlackElo "883"]
[PlyCount "42"]
[EventDate "2003.12.27"]
[EventType "team-swiss"]
[EventRounds "7"]
[EventCountry "GER"]
[SourceTitle "EXT 2022"]
[Source "ChessBase"]
[SourceDate "2021.10.06"]
[SourceVersion "1"]
[SourceVersionDate "2021.10.06"]
[SourceQuality "1"]
[WhiteTeam "Leipzig Lindenau U20 Girls"]
[BlackTeam "Delitzsch ESV U20 Girls"]
[WhiteTeamCountry "GER"]
[BlackTeamCountry "GER"]

1. e4 e5 2. Nf3 Nc6 3. d4 exd4 4. Nxd4 Nxd4 5. Qxd4 d6 6. Nc3 Nf6 7. Bg5 Be7 8. 0-0-0 0-0 9. Bc4 Be6 10. Bxe6 fxe6 11. f4 c5 12. Qd2 e5 13. Nd5 h6 14. Nxf6+ Bxf6 15. Bxf6 Qxf6 16. Qd5+ Rf7 17. f5 Qg5+ 18. Qd2 Qxd2+ 19. Rxd2 Rd8 20. g4 b5 21. h4 b4 1/2-1/2